| 000 | 00530nam a2200217Ia 4500 | ||
|---|---|---|---|
| 008 | 170918s9999 xx 000 0 und d | ||
| 020 | _a9781408312964 | ||
| 050 | _bM482pr 2011 | ||
| 100 | _aMeadows, Daisy | ||
| 245 | _aElisa : | ||
| 245 | _bthe adventure fairy / | ||
| 245 | _cby Fdaisy Meadows. | ||
| 260 | _aLondon : | ||
| 260 | _bOrchard Books, | ||
| 260 | _c2011 | ||
| 300 | _a73 pages : | ||
| 300 | _billustrations ; | ||
| 300 | _c19cm. | ||
| 300 | _eRainbow magic : the princess fairies ; | ||
| 440 | _a109 | ||
| 999 |
_c344350 _d344350 |
||